|
|
|
|
| LEADER |
01238nam a2200313 i 4500 |
| 001 |
c000045583 |
| 003 |
CARM |
| 005 |
20110513134952.0 |
| 008 |
800408r1979 ne a b 01000 eng |
| 015 |
|
|
|a Ne***
|
| 019 |
1 |
|
|a 1714823
|z 21953825
|5 LACONCORD2021
|
| 020 |
|
|
|a 0444418482
|
| 035 |
|
|
|a (OCoLC)6277148
|5 LACONCORD2021
|
| 040 |
|
|
|a VCAV
|c VCAV
|
| 050 |
0 |
0 |
|a GB1004
|b .C66
|
| 082 |
0 |
4 |
|a 551.48
|
| 245 |
0 |
0 |
|a Contemporary hydrogeology :
|b the George Burke Maxey memorial volume /
|c edited by William Back and D. A. Stephenson.
|
| 260 |
|
|
|a Amsterdam ;
|a New York :
|b Elsevier Scientific Pub. Co.,
|c 1979.
|
| 300 |
|
|
|a xvi, 569 p. :
|b ill. (1 fold.) ;
|c 25 cm.
|
| 490 |
0 |
|
|a Developments in water science ;
|v 12
|
| 500 |
|
|
|a "Reprinted from Journal of hydrology, volume 43 (1979)"
|
| 504 |
|
|
|a Includes bibliographical references.
|
| 650 |
|
0 |
|a Hydrogeology.
|
| 700 |
1 |
1 |
|a Maxey, George B.
|q (George Burke),
|d 1917-
|
| 700 |
1 |
1 |
|a Back, William,
|d 1925-
|
| 700 |
1 |
1 |
|a Stephenson, David,
|d 1936-
|
| 852 |
8 |
|
|b CARM
|h A3:AD23G0
|i C11907
|p 0540617
|f BK
|
| 999 |
f |
f |
|i 5d000009-dff7-5cda-9dca-a0aaac1b8054
|s 7e7dec30-30c9-56e2-900e-6899f8621056
|
| 952 |
f |
f |
|p Can circulate
|a CAVAL
|b CAVAL
|c CAVAL
|d CARM 1 Store
|e C11907
|f A3:AD23G0
|h Other scheme
|i book
|m 0540617
|